| 000 | 00730nam a22002177a 4500 | ||
|---|---|---|---|
| 003 | SISC | ||
| 005 | 20160204091456.0 | ||
| 008 | 130823t xxu||||| |||| 00| 0 eng d | ||
| 020 | _a9781590845660 | ||
| 050 |
_aRC 569.5.I46 _b.L53 2004 |
||
| 082 |
_aHS 616.85 _bL61 2004 |
||
| 100 |
_aLibal, Autumn _912587 |
||
| 245 |
_aDrug therapy and impulse control disorders / _cAutumn Libal. |
||
| 260 |
_aPhiladelphia : _b Mason Crest Publishers, _cc2004 |
||
| 300 |
_a128 p. : _bcol. ill. ; _c25 cm. |
||
| 610 |
_a Autumn, Libal _912658 |
||
| 650 |
_a Impulse control disorders _xJuvenile literature. _912659 |
||
| 650 |
_a Impulse control disorders _xChemotherapy _zJuvenile literature _912660 |
||
| 942 |
_2lcc _cBK |
||
| 999 |
_c9185 _d9185 |
||